|
|
|
|
| LEADER |
01023nam a2200277 4500 |
| 001 |
ocn701039316 |
| 003 |
OCoLC |
| 005 |
20180501121939.0 |
| 008 |
970714s1983 enk b 000 0 eng d |
| 040 |
|
|
|a U5D
|b eng
|c U5D
|d OCLCQ
|d WAU
|d OCLCQ
|d GrThAP
|
| 020 |
|
|
|a 0444902791
|
| 020 |
|
|
|a 9780444902795
|
| 035 |
|
|
|a (OCoLC)701039316
|
| 049 |
|
|
|a TEFA
|
| 245 |
0 |
0 |
|a Side effects of drugs annual :
|b a worldwide yearly survey of new data and trends.
|n 7: 1983 /
|c editor M.N.G. Dukes, assistant editor, J. Elis.
|
| 260 |
|
|
|a Oxford ;
|a Amsterdam :
|b Excerpta Medica :
|b Elsevier Science,
|c 1983.
|
| 300 |
|
|
|a xxvi, 540 pages ;
|c 25 cm
|
| 336 |
|
|
|a text
|b txt
|2 rdacontent
|
| 337 |
|
|
|a unmediated
|b n
|2 rdamedia
|
| 338 |
|
|
|a volume
|b nc
|2 rdacarrier
|
| 504 |
|
|
|a Bibliographies.
|
| 650 |
|
2 |
|a Drugs
|x adverse effects.
|
| 650 |
|
2 |
|a Pharmacology.
|
| 700 |
1 |
|
|a Dukes, M. N. G.
|q (Maurice Nelson Graham),
|d 1930-
|
| 700 |
1 |
|
|a Elis, J.
|q (Jiří)
|
| 856 |
4 |
0 |
|u https://www.sciencedirect.com/science/bookseries/03786080/7
|z Full Text via HEAL-Link
|